| 000 | 00349nam a2200121Ia 4500 | ||
|---|---|---|---|
| 005 | 20251222154315.0 | ||
| 008 | 251222s9999||||xx |||||||||||||| ||spa|| | ||
| 020 | _a84-454-0295-1 | ||
| 082 | _a344.01/J13/T.1 | ||
| 100 | _a"Jacob, J.Pampliega, J. C.Moraga, J. C." | ||
| 245 | 0 | _aCasos prácticos sobre seguridad social y derecho laboral | |
| 942 | _cLIB | ||
| 999 |
_c33541 _d33541 |
||